000 00780cam a2200253Ia 4500
001 4738224
003 ARRUPE
005 20140327165428.0
008 740423s1900 enkbf 001 0 eng d
035 _a(OCoLC)ocm00864488
035 _a(NNC)4738224
040 _aNYG
_cNYG
_dHRH
_dOCLCQ
098 _aJk
100 1 _aDoyle, Arthur Conan,
_d1859-1930.
_99592
245 1 4 _aThe great Boer War /
_cby A. Conan Doyle.
260 _aLondon,
_bSmith, Elder & Co.,
_c1900.
300 _ax, 552 p., [5] folded leaves of plates :
_bmaps (1 col.) ;
_c22 cm.
500 _aIncludes index.
510 4 _aGreen & Gibson. Doyle (1984 ed.),
_cB1
650 0 _aSouth African War, 1899-1902.
_99593
651 0 _aSouth Africa
_xHistory.
_99594
942 _2lcc
_cREFERENCE
999 _c120322
_d120322